000
00311pab a2200133 454500
008
180718b1983 xxu||||| |||| 00| 0 eng d
100
_a
Roy, Arabinda
245
_a
Public sector
_b
The gap at the top
260
_c
1983
300
_a
79-81
650
_a
Government Enterprise
773
_a
Capital
909
_a
9178
999
_c
9178
_d
9178